| 000 | 00623nam a2200229Ia 4500 | ||
|---|---|---|---|
| 003 | OSt | ||
| 005 | 20221005133547.0 | ||
| 006 | a|||||r|||| 00| 0 | ||
| 007 | ta | ||
| 008 | 221004b |||||||| |||| 00| 0 eng d | ||
| 024 | _a71654 | ||
| 037 | _cTextual | ||
| 040 |
_aCRL _cCRL _beng |
||
| 041 |
_2eng _aeng |
||
| 082 | _aB, L1 | ||
| 100 | _aशर्मा, ब्रह्मदेव | ||
| 245 | 0 | _aगणित जगत की सैर | |
| 246 | _aGaṇit jagat kī saira | ||
| 260 | _c1971 | ||
| 942 |
_hB, L1 _cTEXL _2cc |
||
| 999 |
_c1067215 _d1067215 |
||